<?xml version="1.0" encoding="UTF-8"?>
<record
    xmlns:xsi="http://www.w3.org/2001/XMLSchema-instance"
    xsi:schemaLocation="http://www.loc.gov/MARC21/slim http://www.loc.gov/standards/marcxml/schema/MARC21slim.xsd"
    xmlns="http://www.loc.gov/MARC21/slim">

  <leader>01482nam a22002417a 4500</leader>
  <datafield tag="999" ind1=" " ind2=" ">
    <subfield code="c">6123</subfield>
    <subfield code="d">6123</subfield>
  </datafield>
  <controlfield tag="003">DO-SdBJH</controlfield>
  <controlfield tag="005">20210510193127.0</controlfield>
  <controlfield tag="008">210510b           ||||| |||| 00| 0 spa d</controlfield>
  <datafield tag="040" ind1=" " ind2=" ">
    <subfield code="a">DO-SdBJH</subfield>
    <subfield code="b">spa</subfield>
    <subfield code="c">DO-SdBJH</subfield>
  </datafield>
  <datafield tag="090" ind1=" " ind2=" ">
    <subfield code="a">TG EGAEE</subfield>
    <subfield code="b">01408 2018</subfield>
  </datafield>
  <datafield tag="100" ind1="1" ind2=" ">
    <subfield code="a">Bel&#xE9;n Barias, M&#xE1;ximo Ant.</subfield>
    <subfield code="e">sustentante</subfield>
  </datafield>
  <datafield tag="245" ind1="1" ind2="0">
    <subfield code="a">La realidad penitenciaria y su incidencia en la Seguridad Ciudadana en la Provincia Santiago, per&#xED;odo 2012-2016 / </subfield>
    <subfield code="c">M&#xE1;ximo Ant. Bel&#xE9;n Barias, Francisco D. Avalo N&#xFA;&#xF1;ez, asesores Flavia M. Villegas, Fanny Torres</subfield>
  </datafield>
  <datafield tag="260" ind1=" " ind2=" ">
    <subfield code="a">Santo Domingo :</subfield>
    <subfield code="b">INSUDE,</subfield>
    <subfield code="c">2018</subfield>
  </datafield>
  <datafield tag="300" ind1=" " ind2=" ">
    <subfield code="a">xxxi, 58 p&#xE1;ginas, gr&#xE1;ficos, cuadros</subfield>
  </datafield>
  <datafield tag="502" ind1=" " ind2=" ">
    <subfield code="a">Tesis  (Maestr&#xED;a en Defensa y Seguridad Nacional). -- Instituto Superior para la Defensa (INSUDE). Escuela de Graduados de Altos Estudios Estrat&#xE9;gico, 2018</subfield>
  </datafield>
  <datafield tag="504" ind1=" " ind2=" ">
    <subfield code="a">Incluye referencias bibliogr&#xE1;ficas e &#xED;ndices</subfield>
  </datafield>
  <datafield tag="505" ind1=" " ind2=" ">
    <subfield code="a">Antecedentes y situaci&#xF3;n actual del sistema penitenciario de la Rep&#xFA;blica Dominicana. -- La seguridad ciudadana, organizaci&#xF3;n y programas de rehabilitaci&#xF3;n del  sistema penitenciario en la Provincia de Santiago. -- Estudio de la realidad penitenciaria en el centro de correccion y rehabilitacion Rafay-Santiago 2012-2016. -- </subfield>
  </datafield>
  <datafield tag="700" ind1="1" ind2=" ">
    <subfield code="a">Avalo N&#xFA;&#xF1;ez, Francisco D.</subfield>
    <subfield code="e">sustentante</subfield>
  </datafield>
  <datafield tag="700" ind1="1" ind2=" ">
    <subfield code="a">Villegas, Flavia M.</subfield>
    <subfield code="e">asesor</subfield>
  </datafield>
  <datafield tag="700" ind1="1" ind2=" ">
    <subfield code="a">Torres, Fanny</subfield>
    <subfield code="e">asesor</subfield>
  </datafield>
  <datafield tag="830" ind1=" " ind2=" ">
    <subfield code="a">INSUDE.  Escuela de Graduados de Altos Estudios Estrat&#xE9;gico.  Tesis y disertaciones acad&#xE9;micas</subfield>
  </datafield>
  <datafield tag="942" ind1=" " ind2=" ">
    <subfield code="2">CL</subfield>
    <subfield code="c">T</subfield>
  </datafield>
  <datafield tag="952" ind1=" " ind2=" ">
    <subfield code="0">0</subfield>
    <subfield code="1">0</subfield>
    <subfield code="2">CL</subfield>
    <subfield code="4">0</subfield>
    <subfield code="7">1</subfield>
    <subfield code="8">TG</subfield>
    <subfield code="a">BJHA</subfield>
    <subfield code="b">BJHA</subfield>
    <subfield code="d">2021-05-10</subfield>
    <subfield code="i">01408</subfield>
    <subfield code="l">0</subfield>
    <subfield code="o">TG EGAEE 01408 2018</subfield>
    <subfield code="p">01408</subfield>
    <subfield code="r">2021-05-10 00:00:00</subfield>
    <subfield code="t">e.1</subfield>
    <subfield code="w">2021-05-10</subfield>
    <subfield code="y">T</subfield>
  </datafield>
</record>
